000
00313 a2200157 4500
001
60329
020
_a
040
_c
Anchieta - Pituba
100
_a
Herrmann, Fabio
240
1
0
_a
Primeiros Passos
_l
por
245
1
0
_a
Primeiros Passos
300
_a
362
0
_a
1985
650
4
_a
Psicologia
942
_c
BK
999
_c
60329
_d
60329